|
|
|
|
| LEADER |
00000cam a2200000 7i4500 |
| 001 |
0000006715 |
| 005 |
20151222.0 |
| 008 |
070820 |
| 020 |
|
|
|a 9832576483
|
| 020 |
|
|
|a 9832576505(set)
|
| 090 |
0 |
0 |
|a SC
|b ENG
|
| 100 |
0 |
|
|a Rani Parkaran
|
| 245 |
1 |
4 |
|a The universe and our solar system
|c Rani Parkaran
|
| 260 |
|
|
|a Kuala Lumpur :
|b Pekan Ilmu Publications ,
|c 2004
|
| 440 |
|
|
|a Science kids series
|
| 500 |
|
|
|a Children ages 10-12 years old (pink)
|
| 650 |
|
0 |
|a Junior fiction
|x English
|x Languages
|
| 650 |
|
0 |
|a Science
|
| 710 |
0 |
|
|a Title
|
| 999 |
|
|
|a 0000986673
|b Book
|c Children Collection
|e Perbadanan Perpustakaan Awam Johor
|
| 999 |
|
|
|a 0000986674
|b Book
|c Children Collection
|e Perbadanan Perpustakaan Awam Johor
|
| 999 |
|
|
|a 0000986675
|b Book
|c Children Collection
|e Perbadanan Perpustakaan Awam Johor
|
| 999 |
|
|
|a 0000986676
|b Book
|c Children Collection
|e Perbadanan Perpustakaan Awam Johor
|
| 999 |
|
|
|a 0000986677
|b Book
|c Children Collection
|e Perbadanan Perpustakaan Awam Johor
|
| 999 |
|
|
|a 0000987367
|b Book
|c Children Collection
|e Cawangan Tangkak
|
| 999 |
|
|
|a 0000987368
|b Book
|c Children Collection
|e Cawangan Bandar Penawar
|
| 999 |
|
|
|a 0000987371
|b Book
|c Children Collection
|e Cawangan Segamat
|